<?xml version="1.0" encoding="UTF-8"?>
<marc:record xmlns:marc="http://www.loc.gov/MARC21/slim">
   <marc:leader>00000nam a2200000 a 4500</marc:leader>
   <marc:datafield ind1="1" ind2=" " tag="100">
      <marc:subfield code="a">Kohm, Matthias</marc:subfield>
      <marc:subfield code="4">aut</marc:subfield>
      <marc:subfield code="e">Verfasser/-in</marc:subfield>
   </marc:datafield>
   <marc:datafield ind1=" " ind2=" " tag="653">
      <marc:subfield code="a">Jugendbücher ab 12 Jahre</marc:subfield>
   </marc:datafield>
   <marc:datafield ind1="0" ind2="0" tag="245">
      <marc:subfield code="a">Ewig braucht doch keiner</marc:subfield>
   </marc:datafield>
   <marc:datafield ind1="0" ind2="0" tag="245">
      <marc:subfield code="c">Kohm, Matthias</marc:subfield>
   </marc:datafield>
   <marc:datafield ind1=" " ind2="1" tag="264">
      <marc:subfield code="a">Zürich</marc:subfield>
      <marc:subfield code="b">Arctis ein Imprint der Atrium Verlag AG</marc:subfield>
      <marc:subfield code="c">2022</marc:subfield>
   </marc:datafield>
   <marc:datafield ind1="1" ind2=" " tag="520">
      <marc:subfield code="a">Ein brillantes Debüt über nichts weniger als die Rettung der Menschheit. Tischlerlehrling Meyer hat eigentlich keine Ahnung vom Schreiben und doch erzählt er uns, wie es dazu kam, dass sechs Jugendliche in einer Krebs-Reha plötzlich beschlossen, eine neue Religion zu gründen. Eine, die keine Ewigkeit verspricht, denn ewig ist ein Scheißwort, darüber waren sich alle einig. Es musste etwas her, dass ihnen die Angst vor dem kalten Grauen nimmt. Zwischen gesund werden und philosophieren badete Meyer nackt – und ohne Mütze – im Reha-Pool, half Freund Adrian beim Predigen auf S-Bahn Sitzen, verliebte sich Hals über Kopf in Johanna und wurde unfreiwillig zum Redner auf gleich zwei Beerdigungen.</marc:subfield>
   </marc:datafield>
   <marc:datafield ind1=" " ind2=" " tag="020">
      <marc:subfield code="a">9783038800576</marc:subfield>
      <marc:subfield code="9">9783038800576</marc:subfield>
   </marc:datafield>
   <marc:datafield ind1=" " ind2=" " tag="020">
      <marc:subfield code="a">3038800570</marc:subfield>
      <marc:subfield code="9">3038800570</marc:subfield>
   </marc:datafield>
   <marc:datafield ind1=" " ind2=" " tag="041">
      <marc:subfield code="a">ger</marc:subfield>
   </marc:datafield>
   <marc:datafield ind1=" " ind2=" " tag="300">
      <marc:subfield code="a">384 Seiten</marc:subfield>
   </marc:datafield>
</marc:record>
